LEADER 01379nam 2200409 450 001 9910573094103321 005 20221202110631.0 010 $a1-119-69586-4 010 $a1-119-69595-3 010 $a1-119-69596-1 035 $a(MiAaPQ)EBC6983459 035 $a(Au-PeEL)EBL6983459 035 $a(CKB)22249455300041 035 $a(EXLCZ)9922249455300041 100 $a20221202d2022 uy 0 101 0 $aeng 135 $aurcnu|||||||| 181 $ctxt$2rdacontent 182 $cc$2rdamedia 183 $acr$2rdacarrier 200 00$aIndustry 4.0 vision for the supply of energy and materials $eenabling technologies and emerging applications /$fedited by Mahdi Sharifzadeh 210 1$aHoboken, New Jersey :$cJohn Wiley & Sons, Inc.,$d[2022] 210 4$d©2022 215 $a1 online resource (395 pages) 300 $aIncludes index. 311 08$aPrint version: Sharifzadeh, Mahdi Industry 4. 0 Vision for the Supply of Energy and Materials Newark : John Wiley & Sons, Incorporated,c2022 9781119695936 606 $aAutomation$vCase studies 615 0$aAutomation 676 $a658.4038028563 702 $aSharifzadeh$b Mahdi 801 0$bMiAaPQ 801 1$bMiAaPQ 801 2$bMiAaPQ 906 $aBOOK 912 $a9910573094103321 996 $aIndustry 4.0 vision for the supply of energy and materials$92987412 997 $aUNINA LEADER 01606nas 2200445- 450 001 9910313038303321 005 20220308213021.0 035 $a(OCoLC)1106031327 035 $a(CKB)4340000000089614 035 $a(CONSER)--2019252384 035 $a(DE-599)ZDB3020382-X 035 $a(EXLCZ)994340000000089614 100 $a20190628a20089999 --- - 101 0 $apor 181 $ctxt$2rdacontent 182 $cc$2rdamedia 183 $acr$2rdacarrier 200 00$aAlexandria$erevista de educação em ciência e tecnologia 210 1$aFlorianópolis, Santa Catarina, Brazil :$cUniversidade Federal de Santa Catarina,$d2008- 215 $a1 online resource 300 $aRefereed/Peer-reviewed 311 08$a1982-5153 517 1 $aRevista de educação em ciência e tecnologia 531 1 $aAlexandria 606 $aScience$xStudy and teaching (Higher)$zBrazil$vPeriodicals 606 $aMathematics$xStudy and teaching (Higher)$zBrazil$vPeriodicals 606 $aMathematics$xStudy and teaching (Higher)$2fast$3(OCoLC)fst01012286 606 $aScience$xStudy and teaching (Higher)$2fast$3(OCoLC)fst01108455 607 $aBrazil$2fast 608 $aPeriodicals.$2fast 608 $aPeriodicals.$2lcgft 615 0$aScience$xStudy and teaching (Higher) 615 0$aMathematics$xStudy and teaching (Higher) 615 7$aMathematics$xStudy and teaching (Higher) 615 7$aScience$xStudy and teaching (Higher) 712 02$aUniversidade Federal de Santa Catarina, 906 $aJOURNAL 912 $a9910313038303321 996 $aAlexandria$9243315 997 $aUNINA